Pohronská alternatíva k považsko-kysuckému variantu diaľničnej siete regionálne súvislosti a výhrady proti vládnej koncepcii rozvoja diaľničnej infraštruktúry

Bibliographic Details
Main Author: Stiegel, Jozef (Author)
Format: Article
Language:Slovak
ISSN:1335-4701
Subjects:

MARC

LEADER 00000nab a2200000 a 4500
001 vtls000743409
003 SK-MaSNL
005 20260302193755.0
008 140228c2000 xo 0 slo
015 |a SNBRB2001/01-00451 
035 |a CLN000095246 
040 |a SNKBUCL  |b slo  |c SNKBUCL  |e AACR2 
041 0 |a slo 
044 |a xo  |c SK 
080 |a 625.711.3(437.6)  |2 1997 
100 1 |a Stiegel, Jozef  |4 aut  |9 324748 
245 1 0 |a Pohronská alternatíva k považsko-kysuckému variantu diaľničnej siete  |b regionálne súvislosti a výhrady proti vládnej koncepcii rozvoja diaľničnej infraštruktúry  |c Jozef Stiegel 
650 0 7 |a diaľnice  |z Slovensko  |x varianty alternatívne  |2 snkbucl  |9 912956 
655 7 |a články z novín a časopisov  |2 snkbucl  |9 267496 
773 0 |t Hospodárske noviny  |g Roč. 8, č. 244 (21.12.2000), s. 8  |x 1335-4701 
850 |a Slovenská národná knižnica v Martine 
852 |a SNK  |b KIS3GCP 
958 |a SK 
992 |a RBX 
999 |c 1445877  |d 1447807